00677nam a2200241 a 4500001001300000003000900013005001700022008004100039020000900080082001600089100001900105245001900124260003000143300000800173500003500181505003700216650001800253700001900271902000800290942000700298952011500305999001500420nice12345678IN_TiNIC20260116012505.0050524s1982 dela grp 000 0 eng  ac1000a297.52bKIT aKitab Bhavan,  aAl-Hizbul Azam aDelhibKitab Bhavanc1982 a69p aincludes index and biblioraphy2 aGlossary, Bibliography and index aIslam-Prayers1 aKitab Bhavan,  bSRS cBK 001040708StackRoom-aHMIbHMId2007-07-04g10.00l0o297.52 KITp011470r2007-07-04v10.00w2005-05-24yBK c7211d7211